000 01058cab a2200229 4500
001 ABS38986
008 090401t1988 xxu||||| |||| 00| 0 eng d
035 _a(Sirsi) u13631
041 _aeng
245 4 _aThe industrial market
260 _c1988
350 _a0
490 _aEstates Times
_vSupplement Spring 1988 (82)
520 _aA special supplement on the industrial property market, including information on rents , yields , floorspace take up and investment trends. Also includes articles on supply and demand , financial incentives , the evolution of industrial buildings, and industrial marketing techniques. Reports on the recent activities of the major industrial property companies in Britain and the successful efforts of Arlington plc in establishing business parks nationally. (Loan)
650 _aBUILT ENVIRONMENT-CONSTRUCTION DESIGN
650 _aDEVELOPMENT
650 _aHIGH TECH
650 _aTENANTS REQUIREMENTS
690 _aPROPERTY-COMMERCIAL PROPERTY-COMMERCIAL PROPERTY MARKET
942 _n0
948 _c04/03/1997
999 _c8777
_d8777